00817nam a2200193 i 450000100060000000300090000600500170001500700030003200800410003502000180007608000270009410000310012124501540015226001180030630000370042465100320046171000970049385200330059013547ES-MaACL20250828094148.0t|980514s1986 sp ||||1| spa d a84-600-4604-4 a325.2 (462.2)"1961/75"1 aCayetano Rosado, Moisés.10aMovimientos migratorios extremeños en el "desarrollismo español" (1960-75)b: memoria de licenciatura realizada / cpor Moisés Cayetano Rosado. a[Mérida : bCentro Regional de Extremadura de la Universidad Nacional de Educación a Distancia], cD.L. 1986. a269 p. : bmap. graf. ; c22 cm. 4aExtremadura-xEmigración.2 aUniversidad Nacional de Educación a Distancia (España). bCentro Regional de Extremadura aES-MaACLjL-20898 bR.113393